000 01227nas a2200349 4500
001 BR8202155
003 BR-BrBNA
005 20231205085130.0
007 ta
008 230509b bl.|||p| |||| 00| 00por d
040 _aBR-BrBNA
_bpor
_cBiblioteca Nacional de Agricultura
041 _a(Pt)
072 _aH10
100 1 _aAlmeida, S.L.
100 1 _aCorte, C.R.
100 1 _aMorais, A.A.
100 1 _aGalhardo, L.C.S.
100 1 _aFekete, T.J.
100 1 _aMariconi, F.A.M.
245 1 _aDefensivos quimicos e o fungo Hirsutella thompsonii (Fisher, 1950)pulverizados contra Phyllocoptruta oleivora (Ashm., 1879)(acaro da falsa ferrugem dos citros)[inseticida, acaricida]
246 1 _aChemical pesticides and the fungus Hirsutella thompsonii (Fisher, 1950)sprayed against the citrus rust mite Phyllocoptruta oleivora (Ashm., 1879)[insecticide, acaricide]
650 _aFRUTA CITRICA
650 _aACARO
650 _aINSETICIDA
650 _aACARICIDA
650 _aCONTROLE QUIMICO
650 _aFUNGO
650 _aCONTROLE BIOLOGICO
773 0 _tSolo (Brazil)
_xISSN 0584-0821
_g(Jul 1981), v. 73(2) p. 11-17
_wBR8202155
909 _a202311
_bLúcia
_c55
_dLúcia Elande
942 _2AGRIS
_n0
_cANA
999 _c109423
_d109423